Statystyki dla Quiz wiedzy o Polsce

Kliknij tutaj aby rozwiązać quiz!

Ogólne statystyki

  • Ten quiz został rozwiązany 433 razy
  • Średni wynik to 8 z 10

Statystyki odpowiedzi

ZagadnienieOdpowiedź% Poprawnych
Kto jest obecnym prezydentem Rzeczpospolitej Polskiej? (stan na 24.05.2020)Andrzej Duda
99%
Jaka jest obecna stolica Polski?Warszawa
99%
Kto jest obecnym premierem Rzeczypospolitej Polskiej? (stan na 24.05.2020)Mateusz Morawiecki
98%
Nad jakim morzem polska leży?Morze Bałtyckie
98%
Z jakimi państwami graniczy Polska?Ukraina,Litwa,Białoruś,Słowacja,Czechy,Rosja,Niemcy
98%
Jaka partia polityczna rządzi Polską? (stan na 24.05.2020)Prawo i Sprawiedliwość
96%
Jaka jest najdłuższa rzeka która płynie w Polsce?Wisła
96%
Jaki jest najwyższy szczyt Polski?Rysy
87%
Ile ludzi żyje w Polsce? (Stan na 24.05.2020)38 mln
44%
Ile mieszkańców mieszka w Stolicy Polski? (stan na 24.04.2020)1,8 mln
34%

Rozkład punktacji

Percentyl według liczby udzielonych odpowiedzi

Procent ludzi z każdym wynikiem

Twoja historia wyników

Nie rozwiązałeś tego quizu